000 00205nam a2200109Ia 4500
100 _aREADER'S DIGEST.
942 _cBK
245 _aCREATIVE COOKING.
260 _b#N/A
546 _aENGLISH
999 _c25805
_d25805